[Event "Khanty-Mansiysk Governor Cup 19th"]
[Site "Khanty-Mansiysk"]
[Date "2023.11.17"]
[Round "1"]
[White "Kazakov, Vadim"]
[Black "Bocharov, Dmitry"]
[Result "1/2-1/2"]
[WhiteElo "1995"]
[BlackElo "2519"]
[PlyCount "149"]
[EventDate "2023.11.17"]
[EventType "swiss"]
[EventRounds "9"]
[EventCountry "RUS"]
[SourceTitle "CB48_2023"]
[SourceDate "2023.11.29"]
[SourceVersion "1"]
[SourceVersionDate "2023.11.29"]
[SourceQuality "1"]

1. d4 e6 2. e4 d5 3. exd5 exd5 4. Nf3 Bd6 5. Bd3 Ne7 6. 0-0 0-0 7. h3 Bf5 8. Nc3 c6 9. Re1 Bxd3 10. Qxd3 Na6 11. Ne2 Ng6 12. c3 Nc7 13. Ng3 Bxg3 14. fxg3 Re8 15. Bf4 Ne6 16. Bd2 Qd6 17. Ne5 Nef8 18. Ng4 Nd7 19. Qf3 Re6 20. Rxe6 fxe6 21. Bf4 Qf8 22. Qe3 Re8 23. Rf1 c5 24. Ne5 Ngxe5 25. Bxe5 Qe7 26. g4 b6 27. g5 Rf8 28. Re1 Rf5 29. Bg3 Nf8 30. h4 c4 31. Bh2 b5 32. g4 Rf7 33. h5 b4 34. Be5 bxc3 35. bxc3 Qa3 36. Re2 g6 37. h6 Rb7 38. Bg7 Qd6 39. Rf2 Nd7 40. Qf3 Qe7 41. Kg2 a5 42. a4 Rb6 43. Qf4 Rb7 44. Rf3 Ra7 45. Rf1 Rb7 46. Rf2 e5 47. dxe5 Rb6 48. Bf6 Qe6 49. Bg7 Rb8 50. Kg3 Re8 51. Rd2 Nc5 52. Kh3 Nd3 53. Qf6 Qxf6 54. Bxf6 Kf7 55. Kg3 Ke6 56. Rd1 Rb8 57. Rf1 Nc5 58. Bg7 Ne4+ 59. Kg2 Rb2+ 60. Kg1 Rb3 61. Rf8 Rxc3 62. Re8+ Kd7 63. Rh8 Rc1+ 64. Kg2 Rc2+ 65. Kg1 Nxg5 66. Bf6 Nf3+ 67. Kf1 d4 68. Rxh7+ Kc6 69. e6 d3 70. e7 Re2 71. Bc3 Nh2+ 72. Kg1 Nf3+ 73. Kf1 Nh2+ 74. Kg1 Nf3+ 75. Kf1 1/2-1/2

[Event "Cheliabinsk Shusharin Memorial Rapid"]
[Site "Cheliabinsk"]
[Date "2023.11.16"]
[Round "11"]
[White "Bocharov, Dmitry"]
[Black "Voskanyan, Argisht"]
[Result "1-0"]
[WhiteElo "2519"]
[BlackElo "2135"]
[PlyCount "47"]
[EventDate "2023.11.15"]
[EventType "swiss (rapid)"]
[EventRounds "11"]
[EventCountry "RUS"]
[SourceTitle "CB47_2023"]
[SourceDate "2023.11.22"]
[SourceVersion "1"]
[SourceVersionDate "2023.11.22"]
[SourceQuality "1"]

1. e4 c6 2. d4 d5 3. e5 Bf5 4. h4 Qb6 5. Nc3 h5 6. Na4 Qc7 7. Bd3 Bxd3 8. Qxd3 Qa5+ 9. Nc3 e6 10. Bg5 Qa6 11. Qd2 c5 12. Nge2 Nc6 13. 0-0 Nh6 14. a4 Nf5 15. Nb5 Qb6 16. c4 Ncxd4 17. cxd5 Nxe2+ 18. Qxe2 exd5 19. Qd3 a6 20. Qxf5 axb5 21. axb5 Rb8 22. e6 fxe6 23. Rfe1 Kd7 24. Qf7+ 1-0

[Event "Cheliabinsk Shusharin Memorial Rapid"]
[Site "Cheliabinsk"]
[Date "2023.11.15"]
[Round "1"]
[White "Bocharov, Dmitry"]
[Black "Filippova, Margarita"]
[Result "1-0"]
[WhiteElo "2519"]
[BlackElo "2026"]
[PlyCount "45"]
[EventDate "2023.11.15"]
[EventType "swiss (rapid)"]
[EventRounds "11"]
[EventCountry "RUS"]
[SourceTitle "CB47_2023"]
[SourceDate "2023.11.22"]
[SourceVersion "1"]
[SourceVersionDate "2023.11.22"]
[SourceQuality "1"]

1. Nf3 d5 2. e3 Nf6 3. c4 e6 4. b3 Be7 5. Bb2 0-0 6. Nc3 b6 7. cxd5 exd5 8. d4 Bb7 9. g3 Nbd7 10. Bg2 c5 11. 0-0 Re8 12. Rc1 Rc8 13. Re1 cxd4 14. Nxd4 Nc5 15. Nce2 Nce4 16. Nf4 Bb4 17. Re2 Rxc1 18. Qxc1 Qd7 19. Rc2 Bd6 20. Bh3 Qd8 21. Nf5 Bb8 22. Qa1 Bc8 23. Rxc8 1-0

[Event "Cheliabinsk Shusharin Memorial Rapid"]
[Site "Cheliabinsk"]
[Date "2023.11.15"]
[Round "6"]
[White "Shuvalova, Polina"]
[Black "Bocharov, Dmitry"]
[Result "1/2-1/2"]
[WhiteElo "2497"]
[BlackElo "2519"]
[PlyCount "99"]
[EventDate "2023.11.15"]
[EventType "swiss (rapid)"]
[EventRounds "11"]
[EventCountry "RUS"]
[SourceTitle "CB47_2023"]
[SourceDate "2023.11.22"]
[SourceVersion "1"]
[SourceVersionDate "2023.11.22"]
[SourceQuality "1"]

1. e4 c5 2. Nf3 d6 3. Bb5+ Nd7 4. 0-0 a6 5. Bd3 Ngf6 6. Re1 e6 7. Bf1 b6 8. c4 Bb7 9. Nc3 Ne5 10. Nxe5 dxe5 11. d3 Be7 12. Be3 0-0 13. a3 Nd7 14. Rb1 a5 15. Qh5 f5 16. exf5 exf5 17. g3 g6 18. Qe2 Rf7 19. Bd2 Bg5 20. Bg2 Bxd2 21. Bxb7 Bxe1 22. Rxe1 Kg7 23. Bxa8 Qxa8 24. Nd5 Qc6 25. Qd2 Qd6 26. b3 Nf6 27. Nxf6 Kxf6 28. h4 Re7 29. Kg2 Kg7 30. Re3 h6 31. Qe1 Kf6 32. Qe2 Re6 33. Qe1 Qd4 34. b4 cxb4 35. axb4 a4 36. Qd1 a3 37. Qa4 Qb2 38. d4 Qxd4 39. Qa8 Qd7 40. Rxa3 Qc6+ 41. Qxc6 Rxc6 42. Ra6 Rxc4 43. Rxb6+ Kf7 44. b5 Rb4 45. Rb7+ Kf6 46. Rb6+ Kf7 47. Rb7+ Kf6 48. Rb6+ Kf7 49. Rb8 e4 50. Rb7+ 1/2-1/2

[Event "RUS-chT Rapid"]
[Site "Sochi"]
[Date "2023.10.18"]
[Round "2.14"]
[White "Bocharov, Dmitry"]
[Black "Averin, Nikolay"]
[Result "1/2-1/2"]
[WhiteElo "2519"]
[BlackElo "2270"]
[PlyCount "109"]
[EventDate "2023.10.18"]
[EventType "team-swiss (rapid)"]
[EventRounds "9"]
[EventCountry "RUS"]
[SourceTitle "Mega2024 Update 01"]
[Source "Chessbase"]
[SourceDate "2023.11.12"]
[SourceVersion "1"]
[SourceVersionDate "2023.11.12"]
[SourceQuality "1"]
[WhiteTeam "Novosibirsk Region"]
[BlackTeam "Moscow Botvinnik School"]
[WhiteTeamCountry "RUS"]
[BlackTeamCountry "RUS"]

1. Nf3 d5 2. g3 Nf6 3. Bg2 c6 4. c4 Bf5 5. 0-0 e6 6. cxd5 exd5 7. d3 Be7 8. Qb3 Qb6 9. Qc2 Nbd7 10. Nc3 h6 11. e4 dxe4 12. dxe4 Bh7 13. Be3 Qa6 14. Nd4 0-0 15. Rad1 Rfe8 16. Rfe1 Bb4 17. f3 Nd5 18. Bf2 Nxc3 19. bxc3 Bc5 20. Kh1 Qb6 21. h3 Rad8 22. Rd2 Qc7 23. f4 Nf6 24. Rde2 Bb6 25. Qb3 Nd7 26. Qc4 Nc5 27. Kh2 Kh8 28. Nb3 Ne6 29. f5 Bxf2 30. Rxf2 b5 31. Qe2 Nf8 32. e5 Nd7 33. e6 Nf6 34. Nd4 c5 35. Nxb5 Qb6 36. c4 Bg8 37. e7 Rd7 38. Rf3 Rdxe7 39. Qxe7 Rxe7 40. Rxe7 a6 41. Nc3 Qb4 42. Nd5 Qxc4 43. Nxf6 gxf6 44. Rf4 Qxa2 45. Re8 h5 46. Rc8 Qc2 47. Rc6 Bh7 48. Rxf6 Kg7 49. Rd6 Bxf5 50. Rxa6 c4 51. Rc6 Be6 52. Rc5 Qe2 53. Re4 Qf2 54. Rcxc4 Bxc4 55. Rxc4 1/2-1/2

[Event "RUS-chT Blitz"]
[Site "Sochi"]
[Date "2023.10.17"]
[Round "4.9"]
[White "Bocharov, Dmitry"]
[Black "Alekseev, Evgeny V"]
[Result "0-1"]
[WhiteElo "2519"]
[BlackElo "2573"]
[PlyCount "140"]
[EventDate "2023.10.17"]
[EventType "team-swiss (blitz)"]
[EventRounds "13"]
[EventCountry "RUS"]
[SourceTitle "Mega2024 Update 01"]
[Source "Chessbase"]
[SourceDate "2023.11.12"]
[SourceVersion "1"]
[SourceVersionDate "2023.11.12"]
[SourceQuality "1"]
[WhiteTeam "Novosibirsk Region"]
[BlackTeam "St Petersburg SShOR"]
[WhiteTeamCountry "RUS"]
[BlackTeamCountry "RUS"]

1. c4 e6 2. g3 d5 3. Bg2 d4 4. Nf3 c5 5. e3 Nc6 6. exd4 cxd4 7. 0-0 Nf6 8. d3 Bd6 9. a3 a5 10. Bg5 h6 11. Bxf6 Qxf6 12. Nbd2 Qe7 13. Re1 0-0 14. Nh4 Qd8 15. Rc1 e5 16. c5 Bc7 17. Nc4 Re8 18. Qh5 Qg5 19. Qxg5 hxg5 20. Bxc6 bxc6 21. Nf3 f6 22. Nxd4 Bd7 23. Ne2 Bf5 24. d4 e4 25. Nc3 Be6 26. Nb6 Bxb6 27. cxb6 f5 28. Na4 Bd5 29. Nc5 Rab8 30. b7 Re7 31. Rb1 Rbxb7 32. Nxb7 Rxb7 33. b4 a4 34. Rbc1 f4 35. Rc5 Kf7 36. Rec1 Rd7 37. b5 cxb5 38. Rxb5 Kf6 39. Rcc5 Be6 40. Rb4 Bd5 41. Kf1 g6 42. Ke2 Be6 43. h4 Bg4+ 44. Kd2 gxh4 45. gxh4 Rd6 46. Re5 Bf5 47. Rc5 Bd7 48. Ke2 Bg4+ 49. Kd2 Bd7 50. Kc3 Bg4 51. Rbc4 Bd7 52. Rb4 Re6 53. Re5 Rxe5 54. dxe5+ Kxe5 55. Rb6 Bf5 56. Rb5+ Ke6 57. Kd4 Kd6 58. Rb6+ Kc7 59. Ra6 e3 60. fxe3 f3 61. Ra5 f2 62. Rc5+ Kd6 63. Rc1 Bh3 64. Kc4 f1Q+ 65. Rxf1 Bxf1+ 66. Kb4 Ke5 67. Kxa4 Ke4 68. Kb4 Kxe3 69. Kc5 Kf4 70. Kd6 Kg4 0-1